000 00813nas a2200265 4500
001 BR2011005551
003 BR-BrBNA
005 20231205115122.0
007 ta
008 230509b bl.|||p| |||| 00| 00por d
040 _aBR-BrBNA
_bpor
_cBiblioteca Nacional de Agricultura
041 _a(Pt)
072 _aH10
100 1 _aCosta, L.L.
100 1 _aRomani, G. de N.
100 1 _aFerreira, M. da C.
245 1 _aTecnologia de aplicação empregada no controle do percevejo-de-renda em seringueira
650 _aSERINGUEIRA
650 _aPERCEVEJO
650 _aCONTROLE QUÍMICO
650 _aMÉTODO DE APLICAÇÃO
773 0 _tRevista de Agricultura (Brazil)
_xISSN 0034-7655
_g(Jun 2011), v. 86(1) p. 14-23
_wBR2011005551
909 _a202311
_bLúcia
_c55
_dLúcia Elande
942 _2AGRIS
_n0
_cANA
999 _c212165
_d212165